[Event "IV Torneo Internazionale"]
[Site "Montecatini Terme ITA"]
[Date "1999.11.??"]
[Round "7"]
[White "Naumkin, Igor"]
[Black "Trabert, Bettina"]
[Result "1/2-1/2"]
[WhiteElo "2489"]
[BlackElo "2301"]
[PlyCount "49"]
[EventDate "1999.11.06"]

1. d4 d5 2. c4 e6 3. Nc3 c6 4. e3 Nf6 5. Nf3 Nbd7 6. Qc2 Bd6 7. Bd3 O-O 8. O-O
dxc4 9. Bxc4 b5 10. Be2 Bb7 11. a3 a5 12. Bd2 Qb8 13. h3 Rc8 14. Ng5 c5 15.
Bxb5 Nf8 16. Qd1 cxd4 17. exd4 Bh2+ 18. Kh1 Bf4 19. Bd3 Rd8 20. Be3 Ng6 21.
Nge4 Nxe4 22. Nxe4 e5 23. Ng5 Bxg5 24. Bxg5 Rxd4 25. Qe2 1/2-1/2

[Event "IV Torneo Internazionale"]
[Site "Montecatini Terme ITA"]
[Date "1999.11.??"]
[Round "7"]
[White "Tomescu, Vlad"]
[Black "Mola, Pietro"]
[Result "1/2-1/2"]
[WhiteElo "2453"]
[BlackElo "2203"]
[PlyCount "91"]
[EventDate "1999.11.06"]

1. e4 e5 2. Nc3 Nf6 3. Bc4 Nc6 4. d3 Bb4 5. Bg5 h6 6. Bxf6 Bxc3+ 7. bxc3 Qxf6
8. Ne2 d6 9. O-O g5 10. Bb5 Bd7 11. Ng3 O-O-O 12. Bxc6 Bxc6 13. c4 Qg6 14. Nf5
Rde8 15. Qd2 h5 16. Ne3 h4 17. h3 Rhg8 18. f3 Qf6 19. a4 Qf4 20. a5 Rgf8 21.
Qf2 Kb8 22. Rfb1 Ka8 23. Nf5 Rb8 24. Ra3 Bd7 25. Ne3 Be6 26. Nd1 f5 27. Nc3 a6
28. exf5 Qxf5 29. Rab3 Qf7 30. Ne4 Qf4 31. Rb4 Bc8 32. c5 d5 33. Nc3 d4 34. c6
Qf6 35. cxb7+ Bxb7 36. Nd1 Bd5 37. Qe2 Qf4 38. Qe1 c5 39. Rxb8+ Rxb8 40. Rxb8+
Kxb8 41. Nf2 Kc7 42. Ng4 Kd6 43. Qb1 Bc6 44. Qb8+ Ke6 45. Qg8+ Kd6 46. Qb8+
1/2-1/2

[Event "IV Torneo Internazionale"]
[Site "Montecatini Terme ITA"]
[Date "1999.11.??"]
[Round "8"]
[White "Beggi, Pierluigi"]
[Black "Tomescu, Vlad"]
[Result "0-1"]
[WhiteElo "2170"]
[BlackElo "2453"]
[PlyCount "66"]
[EventDate "1999.11.06"]

1. d4 Nf6 2. c4 g6 3. Nc3 d5 4. cxd5 Nxd5 5. Bd2 Bg7 6. e4 Nb6 7. Be3 Nc6 8.
Bb5 O-O 9. Nge2 e6 10. h4 Qe7 11. Qc1 Bd7 12. h5 Nb4 13. a3 Bxb5 14. axb4 Bxe2
15. Kxe2 Qxb4 16. e5 Rfd8 17. Kf3 Rxd4 18. Bxd4 Qxd4 19. Qe3 Qxe5 20. Qxe5 Bxe5
21. hxg6 hxg6 22. Ke4 Bg7 23. g4 c6 24. Rhd1 Kf8 25. f4 Ke7 26. f5 gxf5+ 27.
gxf5 exf5+ 28. Kxf5 Nc4 29. Rg1 Kf8 30. Ne4 b5 31. Nc5 Bxb2 32. Ra6 Bd4 33.
Rxc6 Bxg1 0-1

[Event "IV Torneo Internazionale"]
[Site "Montecatini Terme ITA"]
[Date "1999.11.??"]
[Round "8"]
[White "Drei, Andrea"]
[Black "Naumkin, Igor"]
[Result "1/2-1/2"]
[WhiteElo "2349"]
[BlackElo "2489"]
[PlyCount "22"]
[EventDate "1999.11.06"]

1. e4 e6 2. d4 d5 3. Nd2 dxe4 4. Nxe4 Bd7 5. Nf3 Bc6 6. Bd3 Nd7 7. O-O Bxe4 8.
Bxe4 c6 9. Qe2 Ngf6 10. Bd3 Be7 11. c4 O-O 1/2-1/2

[Event "IV Torneo Internazionale"]
[Site "Montecatini Terme ITA"]
[Date "1999.11.??"]
[Round "8"]
[White "Mola, Pietro"]
[Black "Corvi, Marco"]
[Result "0-1"]
[WhiteElo "2203"]
[BlackElo "2308"]
[PlyCount "78"]
[EventDate "1999.11.06"]

1. d4 f5 2. Nf3 Nf6 3. Bg5 e6 4. Nbd2 Be7 5. Bxf6 Bxf6 6. e4 fxe4 7. Nxe4 b6 8.
Bd3 Bb7 9. c3 Nc6 10. Qc2 Qe7 11. O-O O-O-O 12. b4 Kb8 13. a4 d5 14. Ng3 e5 15.
Nf5 Qd7 16. dxe5 Nxe5 17. Nxe5 Bxe5 18. a5 b5 19. Rae1 Rde8 20. f4 Bf6 21. Nd4
a6 22. Rxe8+ Qxe8 23. Qf2 g6 24. Re1 Qd7 25. Qe3 Bxd4 26. cxd4 Rf8 27. g3 Qc6
28. Rc1 Re8 29. Qd2 Qe6 30. Kf2 Qh3 31. Rh1 Re6 32. Bf1 Qf5 33. h3 Rc6 34. Bd3
Qf6 35. Bb1 Rc4 36. Rd1 Qc6 37. h4 Bc8 38. Kg1 Bf5 39. Ba2 Rc2 0-1

[Event "IV Torneo Internazionale"]
[Site "Montecatini Terme ITA"]
[Date "1999.11.??"]
[Round "8"]
[White "Skembris, Spyridon"]
[Black "De Bortoli, Peter"]
[Result "1-0"]
[WhiteElo "2477"]
[BlackElo "2225"]
[PlyCount "79"]
[EventDate "1999.11.06"]

1. d4 Nf6 2. c4 e6 3. Nf3 b6 4. g3 Bb7 5. Bg2 d5 6. Ne5 Be7 7. Nc3 O-O 8. O-O
Ne4 9. cxd5 exd5 10. Nxe4 dxe4 11. Qc2 f5 12. Be3 Bd5 13. f3 Bg5 14. Bxg5 Qxg5
15. fxe4 Qe3+ 16. Kh1 Bxe4 17. Bxe4 Qxe4+ 18. Qxe4 fxe4 19. Rxf8+ Kxf8 20. Rf1+
Kg8 21. Rf4 Na6 22. Nc6 Re8 23. b4 g5 24. Rg4 h6 25. b5 Nb8 26. Nxb8 Rxb8 27.
Rxe4 Kf7 28. d5 Rd8 29. Re5 a6 30. bxa6 Ra8 31. a4 Rxa6 32. Re4 h5 33. Kg2 Kf6
34. Re6+ Kf7 35. Rc6 Ra7 36. Kf3 Ke7 37. Rc4 Kd6 38. e4 b5 39. Rc6+ Ke5 40. Ke3
1-0

[Event "IV Torneo Internazionale"]
[Site "Montecatini Terme ITA"]
[Date "1999.11.??"]
[Round "8"]
[White "Vezzosi, Paolo"]
[Black "Trabert, Bettina"]
[Result "1-0"]
[WhiteElo "2329"]
[BlackElo "2301"]
[PlyCount "71"]
[EventDate "1999.11.06"]

1. e4 e5 2. Nf3 Nc6 3. Bb5 a6 4. Bxc6 dxc6 5. O-O Qd6 6. d4 exd4 7. Nxd4 Bd7 8.
Be3 O-O-O 9. Nd2 Qg6 10. f4 f6 11. Qf3 Ne7 12. f5 Qf7 13. a4 Kb8 14. b4 c5 15.
bxc5 Nc6 16. N4b3 Be7 17. Rfb1 g6 18. Qf1 Ka7 19. Nc4 gxf5 20. Nba5 Rb8 21.
Nxb7 fxe4 22. Nbd6 Qh5 23. Nb5+ Kb7 24. Nd4+ Ka7 25. Nxc6+ Bxc6 26. Na5 Qd5 27.
Rd1 Qe6 28. Rd6 cxd6 29. cxd6+ Rb6 30. Nxc6+ Kb7 31. Na5+ Kc8 32. Bxb6 Bxd6 33.
Qxa6+ Kd7 34. Rd1 Rc8 35. Nb7 Rc6 36. Nc5+ 1-0

[Event "IV Torneo Internazionale"]
[Site "Montecatini Terme ITA"]
[Date "1999.11.??"]
[Round "9"]
[White "Corvi, Marco"]
[Black "Beggi, Pierluigi"]
[Result "1-0"]
[WhiteElo "2308"]
[BlackElo "2170"]
[PlyCount "75"]
[EventDate "1999.11.06"]

1. c4 Nf6 2. Nc3 d5 3. cxd5 Nxd5 4. g3 g6 5. Bg2 Nxc3 6. bxc3 Bg7 7. Rb1 c6 8.
Nf3 O-O 9. O-O Qa5 10. Qc2 Nd7 11. Nd4 e5 12. Nb3 Qa4 13. d3 Nb6 14. c4 Bf5 15.
Bd2 e4 16. dxe4 Be6 17. c5 Nc4 18. Bc1 Rfd8 19. f4 Bf8 20. f5 Bxc5+ 21. Kh1
gxf5 22. exf5 Bd7 23. Bh6 Be3 24. Rf4 Bxf4 25. gxf4 Qb4 26. Rg1 Kh8 27. a3 Qd6
28. Qc3+ f6 29. Qxc4 Rg8 30. Nd4 c5 31. Nf3 Bxf5 32. e4 Rg6 33. Nh4 Be6 34.
Nxg6+ hxg6 35. Qc3 Kh7 36. Qxf6 Kxh6 37. f5 Rf8 38. Qxg6# 1-0

[Event "IV Torneo Internazionale"]
[Site "Montecatini Terme ITA"]
[Date "1999.11.??"]
[Round "9"]
[White "De Bortoli, Peter"]
[Black "Mola, Pietro"]
[Result "1/2-1/2"]
[WhiteElo "2225"]
[BlackElo "2203"]
[PlyCount "22"]
[EventDate "1999.11.06"]

1. e4 c5 2. Nf3 Nc6 3. d4 cxd4 4. Nxd4 Nf6 5. Nc3 e5 6. Ndb5 d6 7. Nd5 Nxd5 8.
exd5 Nb8 9. c3 Be7 10. a4 O-O 11. Be3 a6 1/2-1/2

[Event "IV Torneo Internazionale"]
[Site "Montecatini Terme ITA"]
[Date "1999.11.??"]
[Round "9"]
[White "Tomescu, Vlad"]
[Black "Vezzosi, Paolo"]
[Result "1/2-1/2"]
[WhiteElo "2453"]
[BlackElo "2329"]
[PlyCount "50"]
[EventDate "1999.11.06"]

1. c4 e5 2. Nc3 Nc6 3. Nf3 g6 4. e3 Bg7 5. d4 exd4 6. exd4 d6 7. Be2 Nge7 8. d5
Ne5 9. O-O O-O 10. Nd4 Nd7 11. Bg5 h6 12. Be3 Nf6 13. Qd2 Kh7 14. h3 Nf5 15.
Nxf5 Bxf5 16. Bd3 Qd7 17. Rae1 Rfe8 18. Bd4 a6 19. Rxe8 Rxe8 20. Bxf5 Qxf5 21.
Re1 Ne4 22. Nxe4 Rxe4 23. Rxe4 Qxe4 24. Bxg7 Kxg7 25. b3 b6 1/2-1/2

[Event "IV Torneo Internazionale"]
[Site "Montecatini Terme ITA"]
[Date "1999.11.??"]
[Round "9"]
[White "Trabert, Bettina"]
[Black "Drei, Andrea"]
[Result "0-1"]
[WhiteElo "2301"]
[BlackElo "2349"]
[PlyCount "78"]
[EventDate "1999.11.06"]

1. e4 c5 2. Nf3 e6 3. c3 Nf6 4. e5 Nd5 5. d4 cxd4 6. cxd4 b6 7. Nc3 Nxc3 8.
bxc3 Qc7 9. Bd2 Bb7 10. Bd3 d6 11. O-O Nd7 12. Re1 dxe5 13. Nxe5 Nxe5 14. Rxe5
Bd6 15. Rh5 g6 16. Bb5+ Kf8 17. Bh6+ Kg8 18. Qd2 a6 19. Bf1 f6 20. Rh3 Kf7 21.
c4 Rad8 22. Be3 h5 23. f4 Be4 24. Qf2 Qb7 25. a4 Bb4 26. Qb2 a5 27. Rc1 Rd7 28.
Qb3 Rhd8 29. Rg3 h4 30. Rg4 Rh8 31. Bf2 Bf5 32. Rxh4 Rxh4 33. Bxh4 Rxd4 34. Qb2
Qe4 35. Bf2 Rd2 36. Qb3 Rxf2 37. Kxf2 Qxf4+ 38. Qf3 Bc5+ 39. Ke2 Bg4 0-1

[Event "XII C.to Europeo a squadre"]
[Site "Batumi GEO"]
[Date "1999.11.29"]
[Round "1.1"]
[White "Godena, Michele"]
[Black "Shirov, Alexei D."]
[Result "1/2-1/2"]
[WhiteElo "2490"]
[BlackElo "2722"]
[Annotator "ITA-ESP"]
[PlyCount "94"]
[EventDate "1999.11.29"]

1.e4 c5 2.c3 Nf6 3.e5 Nd5 4.Nf3 Nc6 5.d4 cxd4 6.cxd4 d6 7.Bc4 Nb6 8.Bb5 
dxe5 9.Nxe5 Bd7 10.Nxd7 Qxd7 11.Nc3 e6 12.O-O Be7 13.Qg4 Bf6 14.Rd1 Nd5 
15.Ne4 O-O 16.Bh6 Qe7 17.Bxc6 bxc6 18.Rac1 Rfc8 19.Rc4 Kh8 20.Bg5 Bxg5 21.
Nxg5 Rc7 22.Rdc1 Rac8 23.h4 h6 24.Nf3 c5 25.dxc5 Rxc5 26.Rxc5 Rxc5 27.Rxc5
Qxc5 28.Qd4 Qc1+ 29.Kh2 a5 30.b3 Kg8 31.Qa4 Qc7+ 32.Kg1 Nc3 33.Qa3 Ne2+ 
34.Kf1 Nf4 35.Qb2 Qc5 36.Qd2 Qf5 37.Ne1 Qb5+ 38.Kg1 e5 39.g3 Ne2+ 40.Kg2 
Nd4 41.f3 Qc5 42.h5 f6 43.Qe3 Qa3 44.Qd2 Kf7 45.Nd3 Ke6 46.Qb2 Qd6 47.Qc3 
Qd5 1/2-1/2

[Event "XII C.to Europeo a squadre"]
[Site "Batumi GEO"]
[Date "1999.11.29"]
[Round "1.2"]
[White "Illescas Cordoba, Miguel"]
[Black "Efimov, Igor"]
[Result "0-1"]
[WhiteElo "2600"]
[BlackElo "2445"]
[Annotator "ITA-ESP"]
[PlyCount "100"]
[EventDate "1999.11.29"]

1.Nf3 e6 2.c4 d5 3.d4 c6 4.Nc3 Nd7 5.e4 dxe4 6.Nxe4 Ngf6 7.Bd3 b6 8.O-O 
Bb7 9.Qe2 Be7 10.Bf4 O-O 11.Rad1 Nxe4 12.Bxe4 Nf6 13.Bc2 Qc8 14.Rd3 b5 15.
Ne5 bxc4 16.Rg3 g6 17.Bh6 c5 18.Bxf8 Bxf8 19.Rd1 Bd5 20.Nxc4 Bg7 21.dxc5 
Qxc5 22.b3 Nh5 23.Rg4 f5 24.Rh4 Bf6 25.Rxh5 gxh5 26.Ne3 Bc6 27.Bd3 Kh8 28.
Qxh5 Rg8 29.Bf1 Bd4 30.Qh6 Qe5 31.Rxd4 Qxd4 32.Qxe6 f4 33.Ng4 Bd7 34.Qe5+ 
Qxe5 35.Nxe5 Bf5 36.f3 Kg7 37.Bc4 Rd8 38.a4 Rd6 39.g3 Be6 40.Bxe6 Rxe6 41.
Nc4 Re2 42.Na5 Rc2 43.b4 Ra2 44.Nc6 Rxa4 45.Kg2 Kf6 46.gxf4 a6 47.Kg3 Ke6 
48.Nd4+ Kd7 49.Nc2 Ra2 50.Ne1 Rd2 0-1

[Event "XII C.to Europeo a squadre"]
[Site "Batumi GEO"]
[Date "1999.11.29"]
[Round "1.3"]
[White "Arlandi, Ennio"]
[Black "Magem Badals, Jordi"]
[Result "1/2-1/2"]
[WhiteElo "2465"]
[BlackElo "2528"]
[Annotator "ITA-ESP"]
[PlyCount "49"]
[EventDate "1999.11.29"]

1.d4 d5 2.c4 dxc4 3.Nf3 Nf6 4.e3 e6 5.Bxc4 c5 6.O-O Nc6 7.a3 cxd4 8.exd4 
Be7 9.Nc3 O-O 10.Re1 a6 11.Ba2 b5 12.d5 exd5 13.Nxd5 Nxd5 14.Qxd5 Bb7 15.
Qh5 Qd6 16.Bg5 Rad8 17.Bxe7 Nxe7 18.Ng5 Qg6 19.Qxg6 Nxg6 20.Rad1 Ne5 21.
Rxd8 Rxd8 22.f4 Nc4 23.Bxc4 bxc4 24.Ne4 Bxe4 25.Rxe4 1/2-1/2

[Event "XII C.to Europeo a squadre"]
[Site "Batumi GEO"]
[Date "1999.11.29"]
[Round "1.4"]
[White "Comas Fabrego, Lluis"]
[Black "Borgo, Giulio"]
[Result "1-0"]
[WhiteElo "2510"]
[BlackElo "2444"]
[Annotator "ITA-ESP"]
[PlyCount "79"]
[EventDate "1999.11.29"]

1.d4 d5 2.c4 e6 3.Nc3 c6 4.e3 Nf6 5.Nf3 Nbd7 6.Qc2 Bd6 7.Be2 dxc4 8.Bxc4 
O-O 9.O-O Qe7 10.Bd2 h6 11.h3 Rd8 12.Rfd1 e5 13.Nh4 Bb8 14.Nf5 Qf8 15.Be1 
Re8 16.dxe5 Nxe5 17.Bb3 Qc5 18.Ng3 Ned7 19.Nf5 Kf8 20.Na4 Qxc2 21.Bxc2 b5 
22.Bb4+ Kg8 23.Ne7+ Rxe7 24.Bxe7 bxa4 25.Bxf6 gxf6 26.Bxa4 a5 27.Rac1 Nf8 
28.Bxc6 Ra7 29.Rd8 Rc7 30.Rc3 Ba7 31.Ba4 Rxc3 32.bxc3 Be6 33.Bb3 Bb6 34.
Rd6 Bc7 35.Rc6 Bd8 36.Bxe6 fxe6 37.Rc8 Bb6 38.c4 a4 39.c5 Ba5 40.c6 1-0

[Event "XII C.to Europeo a squadre"]
[Site "Batumi GEO"]
[Date "1999.11.30"]
[Round "2.1"]
[White "Ivanchuk, Vassily"]
[Black "Efimov, Igor"]
[Result "1/2-1/2"]
[WhiteElo "2702"]
[BlackElo "2445"]
[Annotator "ITA-UKR"]
[PlyCount "30"]
[EventDate "1999.11.29"]

1.e4 g6 2.d4 Bg7 3.c4 d6 4.Nc3 e5 5.Nge2 Nc6 6.Be3 Bd7 7.Qd2 exd4 8.Nxd4 
Nge7 9.O-O-O O-O 10.h4 h5 11.Be2 f5 12.Nf3 fxe4 13.Nxe4 Nf5 14.Bg5 Qe8 15.
Bd3 Qf7 1/2-1/2

[Event "XII C.to Europeo a squadre"]
[Site "Batumi GEO"]
[Date "1999.11.30"]
[Round "2.2"]
[White "Arlandi, Ennio"]
[Black "Onischuk, Alexander"]
[Result "1/2-1/2"]
[WhiteElo "2465"]
[BlackElo "2657"]
[Annotator "ITA-UKR"]
[PlyCount "48"]
[EventDate "1999.11.29"]

1.d4 Nf6 2.c4 e6 3.Nc3 Bb4 4.Qc2 O-O 5.a3 Bxc3+ 6.Qxc3 b6 7.Bg5 Bb7 8.f3 
d5 9.e3 Nbd7 10.cxd5 exd5 11.Bd3 h6 12.Bh4 c5 13.Ne2 Rc8 14.Qd2 Re8 15.O-O
Qe7 16.Bf2 Nb8 17.Rfe1 Nc6 18.Rad1 Rcd8 19.Ng3 Qe6 20.Bf5 Qd6 21.Bb1 Qf8 
22.Nf5 Re6 23.Ba2 g6 24.Ng3 cxd4 1/2-1/2

[Event "XII C.to Europeo a squadre"]
[Site "Batumi GEO"]
[Date "1999.11.30"]
[Round "2.3"]
[White "Romanishin, Oleg M."]
[Black "Borgo, Giulio"]
[Result "1/2-1/2"]
[WhiteElo "2567"]
[BlackElo "2444"]
[Annotator "ITA-UKR"]
[PlyCount "49"]
[EventDate "1999.11.29"]

1.d4 d5 2.c4 e6 3.Nf3 Nf6 4.Bg5 Nbd7 5.e3 c6 6.Nbd2 Be7 7.Be2 Ne4 8.Bxe7 
Qxe7 9.O-O O-O 10.Rc1 Rd8 11.Qc2 Nxd2 12.Nxd2 dxc4 13.Nxc4 e5 14.Qe4 f5 
15.Qxf5 exd4 16.Rcd1 Nf6 17.Qf4 dxe3 18.Rxd8+ Qxd8 19.Qxe3 Qe8 20.Qxe8+ 
Nxe8 21.Re1 Be6 22.Bf1 Kf7 23.Ne5+ Kf6 24.Bc4 Bxc4 25.Nxc4 1/2-1/2

[Event "XII C.to Europeo a squadre"]
[Site "Batumi GEO"]
[Date "1999.11.30"]
[Round "2.4"]
[White "Belotti, Bruno"]
[Black "Malaniuk, Vladimir P."]
[Result "0-1"]
[WhiteElo "2423"]
[BlackElo "2525"]
[Annotator "ITA-UKR"]
[PlyCount "80"]
[EventDate "1999.11.29"]

1.e4 e5 2.Nf3 Nc6 3.Bc4 Nf6 4.d3 h6 5.O-O d6 6.c3 g6 7.Re1 Bg7 8.a4 O-O 9.
a5 Rb8 10.Nbd2 b5 11.axb6 axb6 12.Nf1 b5 13.Bb3 d5 14.Be3 Re8 15.Qc1 Kh7 
16.Bc5 Be6 17.Ra6 Qd7 18.Qa1 dxe4 19.Bxe6 Rxe6 20.dxe4 Qc8 21.N3d2 Nd4 22.
Rxe6 Nxe6 23.Nb3 Nd7 24.Be3 c5 25.Qd1 c4 26.Nc1 Nf6 27.f3 Bf8 28.b3 b4 29.
bxc4 Qxc4 30.cxb4 Bxb4 31.Qe2 Qc7 32.Rd1 Bc5 33.Bxc5 Qxc5+ 34.Qe3 Qc7 35.
Ne2 Rb2 36.Rd2 Rb1 37.Kf2 Nc5 38.Nc3 Rb3 39.Rc2 Ncxe4+ 40.Nxe4 Qxc2+ 0-1

[Event "XII C.to Europeo a squadre"]
[Site "Batumi GEO"]
[Date "1999.12.01"]
[Round "3.1"]
[White "Godena, Michele"]
[Black "Fernandes, Antonio M."]
[Result "1-0"]
[WhiteElo "2490"]
[BlackElo "2438"]
[Annotator "ITA-POR"]
[PlyCount "134"]
[EventDate "1999.11.29"]

1.e4 c5 2.Nf3 Nc6 3.c3 Nf6 4.e5 Nd5 5.d4 cxd4 6.cxd4 d6 7.Bc4 Nb6 8.Bb5 
dxe5 9.Nxe5 Bd7 10.Nxd7 Qxd7 11.Nc3 e6 12.O-O Be7 13.Qg4 O-O 14.Bxc6 bxc6 
15.Bh6 Bf6 16.Rfd1 Nd5 17.Ne4 Qe7 18.Rac1 Kh8 19.Bg5 Bxg5 20.Nxg5 Rac8 21.
Rc5 Rc7 22.h4 Rfc8 23.Rdc1 Nf6 24.Qf4 Kg8 25.Ne4 Nxe4 26.Qxe4 Qd6 27.R1c4 
h6 28.b4 Qd7 29.a3 Qd6 30.g3 Qd7 31.Kg2 Qd6 32.Kg1 Qd7 33.Kg2 Qd6 34.Kf3 
Qd7 35.h5 Qe8 36.Kg2 Qd7 37.Kf1 Qd6 38.Kg1 Qd7 39.Qc2 Qe8 40.Qc3 Kh8 41.
Qc2 Qd8 42.Kh2 Qe8 43.Rc3 Qd7 44.Qe4 Qd8 45.Rxc6 Rxc6 46.Rxc6 Rxc6 47.Qxc6
Qxd4 48.Qe8+ Kh7 49.Qxf7 e5 50.Qf5+ Kh8 51.Qc8+ Kh7 52.Qc5 Qg4 53.Qxa7 
Qxh5+ 54.Kg2 e4 55.Qe3 Qe8 56.a4 Qxa4 57.Qxe4+ Kh8 58.Qb7 h5 59.b5 h4 60.
Qc8+ Kh7 61.Qf5+ Kh8 62.gxh4 Qxh4 63.Qf3 Qd8 64.Qe4 Qf6 65.Qe8+ Kh7 66.
Qh5+ Kg8 67.Qd5+ Kh8 1-0

[Event "XII C.to Europeo a squadre"]
[Site "Batumi GEO"]
[Date "1999.12.01"]
[Round "3.2"]
[White "Rocha, Sergio"]
[Black "Arlandi, Ennio"]
[Result "1/2-1/2"]
[WhiteElo "2427"]
[BlackElo "2465"]
[Annotator "ITA-POR"]
[PlyCount "94"]
[EventDate "1999.11.29"]

1.e4 c5 2.Nf3 e6 3.c3 Nf6 4.Bd3 b6 5.O-O Bb7 6.Re1 Be7 7.Bc2 Nc6 8.a3 d6 
9.d4 O-O 10.Nbd2 Qc7 11.Nf1 Rac8 12.e5 Nd7 13.Bf4 cxd4 14.cxd4 dxe5 15.
dxe5 Rfd8 16.Qe2 Ncxe5 17.Bxh7+ Kxh7 18.Nxe5 Nxe5 19.Bxe5 Qc4 20.Qh5+ Kg8 
21.Re3 Rd3 22.Rc1 Qd5 23.Rxc8+ Bxc8 24.Qg4 Bf8 25.Rxd3 Qxd3 26.h4 Bb7 27.
Ne3 Qe4 28.Qg5 Qg6 29.Qd8 f6 30.Bd6 Qf7 31.h5 Bc6 32.h6 gxh6 33.Ng4 Kg7 
34.Bf4 h5 35.Bh6+ Kh7 36.Qxf8 Qxf8 37.Bxf8 hxg4 38.Bd6 Kg6 39.Bb8 a6 40.
Ba7 b5 41.g3 Kf5 42.Bb6 Ke4 43.Bd8 f5 44.Ba5 Bd5 45.Bb6 e5 46.Bc7 f4 47.
gxf4 exf4 1/2-1/2

[Event "XII C.to Europeo a squadre"]
[Site "Batumi GEO"]
[Date "1999.12.01"]
[Round "3.3"]
[White "Borgo, Giulio"]
[Black "Frois, Antonio"]
[Result "1-0"]
[WhiteElo "2444"]
[BlackElo "2397"]
[Annotator "ITA-POR"]
[PlyCount "71"]
[EventDate "1999.11.29"]

1.e4 c5 2.Nf3 Nc6 3.Bb5 g6 4.Bxc6 dxc6 5.d3 Bg7 6.O-O Nf6 7.h3 O-O 8.Nc3 
Re8 9.Be3 Nd7 10.Qd2 e5 11.Nh2 Qe7 12.Bh6 Bh8 13.Kh1 Nf8 14.f4 exf4 15.
Rxf4 Ne6 16.Rf2 Nd4 17.Raf1 Be6 18.Bg5 Qd6 19.Nd1 Be5 20.Bf6 Bxh2 21.Qh6 
Qf8 22.Qxf8+ Kxf8 23.Kxh2 Rac8 24.Ne3 Rc7 25.b3 Rd7 26.Rf4 Kg8 27.Rh4 Rd6 
28.e5 Rd7 29.Rff4 h5 30.g4 Bd5 31.Nxd5 Rxd5 32.gxh5 Rexe5 33.hxg6 Rh5 34.
Rxh5 Rxh5 35.gxf7+ Kf8 36.Bg7+ 1-0

[Event "XII C.to Europeo a squadre"]
[Site "Batumi GEO"]
[Date "1999.12.01"]
[Round "3.4"]
[White "Silva, Fernando"]
[Black "Belotti, Bruno"]
[Result "0-1"]
[WhiteElo "2327"]
[BlackElo "2423"]
[Annotator "ITA-POR"]
[PlyCount "72"]
[EventDate "1999.11.29"]

1.c4 g6 2.Nc3 Bg7 3.g3 c5 4.Bg2 Nc6 5.a3 d6 6.Rb1 e6 7.b4 Nge7 8.bxc5 dxc5
9.Bb2 O-O 10.Nf3 b6 11.O-O Bb7 12.d3 Qd7 13.Qa4 Rad8 14.Rfd1 Qc8 15.Nb5 e5
16.Ne1 a6 17.Nc3 Nd4 18.Bxb7 Qxb7 19.Rd2 b5 20.Ba1 e4 21.cxb5 axb5 22.Nxb5
e3 23.fxe3 Bh6 24.Ng2 Nef5 25.Nc3 Qe7 26.exd4 Bxd2 27.Ne4 Nxd4 28.Nxd2 
Qxe2 29.Bxd4 Rxd4 30.Qa5 Qxd3 31.Rb2 c4 32.Nf1 c3 33.Rb3 Rc8 34.Nge3 Re4 
35.Qb6 Qd7 36.Nc2 Re2 0-1

[Event "XII C.to Europeo a squadre"]
[Site "Batumi GEO"]
[Date "1999.12.02"]
[Round "4.1"]
[White "Korchnoi, Viktor L."]
[Black "Godena, Michele"]
[Result "1-0"]
[WhiteElo "2676"]
[BlackElo "2490"]
[Annotator "ITA-SUI"]
[PlyCount "53"]
[EventDate "1999.11.29"]

1.d4 d5 2.c4 c6 3.Nc3 Nf6 4.e3 e6 5.Nf3 Nbd7 6.Bd3 Bd6 7.O-O O-O 8.e4 dxc4
9.Bxc4 e5 10.Be3 Qc7 11.Rc1 exd4 12.Bxd4 Ne5 13.Nxe5 Bxe5 14.h3 Be6 15.
Bxe6 fxe6 16.Bxe5 Qxe5 17.Qb3 Nh5 18.Rcd1 Nf4 19.g3 Nxh3+ 20.Kg2 Rf6 21.f4
Qh5 22.e5 Rh6 23.Qc4 Rf8 24.Qe2 Qg6 25.Rd4 c5 26.Rc4 Rh4 27.f5 1-0

[Event "XII C.to Europeo a squadre"]
[Site "Batumi GEO"]
[Date "1999.12.02"]
[Round "4.2"]
[White "Efimov, Igor"]
[Black "Milov, Vadim"]
[Result "0-1"]
[WhiteElo "2445"]
[BlackElo "2626"]
[Annotator "ITA-SUI"]
[PlyCount "76"]
[EventDate "1999.11.29"]

1.d4 Nf6 2.Bg5 c5 3.d5 Ne4 4.Bf4 Qb6 5.Bc1 g6 6.f3 Nd6 7.Nc3 Bg7 8.Nh3 c4 
9.g3 Na6 10.Bg2 Nf5 11.e4 Ne3 12.Qe2 Nxg2+ 13.Kf1 Ne1 14.Qxe1 d6 15.Nf4 e5
16.dxe6 fxe6 17.Kg2 O-O 18.h4 Qc6 19.Be3 b5 20.a3 Nc7 21.Rd1 Bb7 22.h5 g5 
23.h6 Be5 24.Nfe2 g4 25.f4 Bf6 26.Bd4 e5 27.fxe5 dxe5 28.Be3 a5 29.Kg1 Qe6
30.Rh2 b4 31.Na4 Be7 32.Nc5 Qb6 33.Rh5 Bxc5 34.Nd4 Bxd4 35.Rxd4 exd4 36.
Qd1 dxe3 37.Qxg4+ Qg6 38.Rg5 Ra6 0-1

[Event "XII C.to Europeo a squadre"]
[Site "Batumi GEO"]
[Date "1999.12.02"]
[Round "4.4"]
[White "Borgo, Giulio"]
[Black "Forster, Richard"]
[Result "1/2-1/2"]
[WhiteElo "2444"]
[BlackElo "2459"]
[Annotator "ITA-SUI"]
[PlyCount "81"]
[EventDate "1999.11.29"]

1.e4 c5 2.Nf3 d6 3.d4 cxd4 4.Nxd4 Nf6 5.f3 Nc6 6.c4 e6 7.Be3 d5 8.exd5 
exd5 9.Nc3 Bb4 10.a3 Bxc3+ 11.bxc3 O-O 12.Nxc6 bxc6 13.Kf2 Re8 14.Qd2 Qe7 
15.Bd4 c5 16.Bxf6 Qxf6 17.cxd5 Rb8 18.a4 c4 19.h4 Rb3 20.Bxc4 Qb6+ 21.Qd4 
Rb2+ 22.Kg1 Qg6 23.Bf1 Qg3 24.Rh2 Re1 25.Rxe1 Qxe1 26.Rh1 Rd2 27.Qe4 Qf2+ 
28.Kh2 Kf8 29.Qb4+ Kg8 30.Qe7 g6 31.Qe8+ Kg7 32.Qe5+ Kg8 33.Qe8+ Kg7 34.
Qe5+ Kg8 35.Qg3 Qc5 36.Bb5 Rxd5 37.Re1 Qxc3 38.Re8+ Kg7 39.Qf4 Rf5 40.Qc4 
Qxc4 41.Bxc4 1/2-1/2

[Event "XII C.to Europeo a squadre"]
[Site "Batumi GEO"]
[Date "1999.12.03"]
[Round "5.2"]
[White "Zapolskis, Antanas"]
[Black "Efimov, Igor"]
[Result "0-1"]
[WhiteElo "2399"]
[BlackElo "2445"]
[Annotator "ITA-LTU"]
[PlyCount "71"]
[EventDate "1999.11.29"]

1.e4 c5 2.Nf3 e6 3.d4 cxd4 4.Nxd4 a6 5.Nc3 b5 6.Bd3 Qb6 7.Nb3 Bb7 8.a4 b4 
9.a5 Qc7 10.Na4 Nc6 11.Be3 Nf6 12.O-O h5 13.f4 d5 14.e5 d4 15.Nxd4 Ng4 16.
Nxe6 Qe7 17.Bb6 Qxe6 18.Qe2 Rc8 19.Rad1 Nb8 20.h3 f5 21.b3 Be7 22.Nb2 Nd7 
23.Bc4 Qc6 24.Rxd7 Kxd7 25.Nd3 Ke8 26.Re1 Rh6 27.hxg4 hxg4 28.Qd2 Qg6 29.
Re2 g3 30.Re3 Qh5 31.Kf1 Qh1+ 32.Ke2 Qxg2+ 33.Kd1 Rh1+ 34.Re1 Qxd2+ 35.
Kxd2 g2 36.Bg1 0-1

[Event "XII C.to Europeo a squadre"]
[Site "Batumi GEO"]
[Date "1999.12.03"]
[Round "5.3"]
[White "Arlandi, Ennio"]
[Black "Butnorius, Algimantas"]
[Result "1/2-1/2"]
[WhiteElo "2465"]
[BlackElo "2456"]
[Annotator "ITA-LTU"]
[PlyCount "39"]
[EventDate "1999.11.29"]

1.d4 Nf6 2.c4 e6 3.Nc3 Bb4 4.Qc2 O-O 5.a3 Bxc3+ 6.Qxc3 b6 7.Bg5 Bb7 8.f3 
c5 9.dxc5 bxc5 10.e3 d6 11.O-O-O d5 12.cxd5 exd5 13.Bxf6 Qxf6 14.Qxf6 gxf6
15.Bb5 Rd8 16.Ne2 Nd7 17.Ng3 Nb6 18.Rd3 Re8 19.Re1 Rad8 20.Nf5 1/2-1/2

[Event "XII C.to Europeo a squadre"]
[Site "Batumi GEO"]
[Date "1999.12.03"]
[Round "5.4"]
[White "Sakalauskas, Vaidas"]
[Black "Belotti, Bruno"]
[Result "1-0"]
[WhiteElo "2450"]
[BlackElo "2423"]
[Annotator "ITA-LTU"]
[PlyCount "63"]
[EventDate "1999.11.29"]

1.d4 Nf6 2.c4 g6 3.Nc3 Bg7 4.e4 d6 5.Be2 O-O 6.Nf3 e5 7.O-O Nc6 8.d5 Ne7 
9.Ne1 Nd7 10.Be3 f5 11.f3 Kh8 12.Rc1 Ng8 13.b4 Bh6 14.Bxh6 Nxh6 15.c5 Nf6 
16.Qd2 f4 17.g4 Nf7 18.h4 Nxg4 19.fxg4 Qxh4 20.Ng2 Qg5 21.Nb5 Bxg4 22.Nxc7
f3 23.Qxg5 Nxg5 24.Nxa8 Rxa8 25.Bd1 fxg2 26.Bxg4 gxf1=Q+ 27.Rxf1 dxc5 28.
bxc5 Re8 29.Bd7 Re7 30.c6 bxc6 31.dxc6 Nxe4 32.Rd1 1-0

[Event "XII C.to Europeo a squadre"]
[Site "Batumi GEO"]
[Date "1999.12.04"]
[Round "6.1"]
[White "Agrest, Evgenij"]
[Black "Godena, Michele"]
[Result "1/2-1/2"]
[WhiteElo "2554"]
[BlackElo "2490"]
[Annotator "ITA-SWE"]
[PlyCount "41"]
[EventDate "1999.11.29"]

1.c4 e6 2.Nc3 d5 3.d4 c6 4.e3 Nf6 5.Nf3 a6 6.Qc2 c5 7.dxc5 Bxc5 8.a3 dxc4 
9.Bxc4 b5 10.Ba2 Nbd7 11.b4 Be7 12.Bb2 Bb7 13.e4 Rc8 14.Qe2 Qc7 15.O-O O-O
16.Rac1 Qb8 17.h3 Rfd8 18.Rcd1 Bd6 19.Bb1 Ne5 20.Nd2 Ned7 21.Nf3 1/2-1/2

[Event "XII C.to Europeo a squadre"]
[Site "Batumi GEO"]
[Date "1999.12.04"]
[Round "6.2"]
[White "Efimov, Igor"]
[Black "Akesson, Ralf"]
[Result "1/2-1/2"]
[WhiteElo "2445"]
[BlackElo "2535"]
[Annotator "ITA-SWE"]
[PlyCount "20"]
[EventDate "1999.11.29"]

1.e4 c5 2.Nf3 e6 3.Nc3 d6 4.d4 cxd4 5.Nxd4 Nf6 6.g3 Be7 7.Bg2 O-O 8.O-O a6
9.Be3 Qc7 10.a4 Nc6 1/2-1/2